Itinerarios Transculturales (Record no. 95)

MARC details
000 -LEADER
campo de control de longitud fija 00490 a2200145 4500
020 ## - NÚMERO INTERNACIONAL ESTÁNDAR DEL LIBRO
Número Internacional Estándar del Libro 8474326478
082 ## - NÚMERO DE LA CLASIFICACIÓN DECIMAL DEWEY
Número de clasificación 305.8
Número de ítem C637-i
100 ## - ENTRADA PRINCIPAL--NOMBRE DE PERSONA
Nombre de persona Clifford, James
9 (RLIN) 477
245 ## - MENCIÓN DEL TÍTULO
Título Itinerarios Transculturales
260 ## - PUBLICACIÓN, DISTRIBUCIÓN, ETC.
Lugar de publicación, distribución, etc. Barcelona
Nombre del editor, distribuidor, etc. Gedisa
Fecha de publicación, distribución, etc. 1999
300 ## - DESCRIPCIÓN FÍSICA
Extensión 493 p
Otras características físicas il (a color)
Dimensiones 22.5 cm
505 ## - NOTA DE CONTENIDO CON FORMATO
Título Prologo
-- Viajes
-- Contactos
-- Futuros
-- Notas
-- Referencias Bibliograficas
-- Fuentes
-- Agradecimientos Indicie Tematico
650 ## - PUNTO DE ACCESO ADICIONAL DE MATERIA--TÉRMINO DE MATERIA
Término de materia o nombre geográfico como elemento de entrada Etnologa̕
Subdivisión de forma Filosofa̕
-- Viajes
9 (RLIN) 565
700 ## - ENTRADA AGREGADA--NOMBRE PERSONAL
Nombre de persona James Clifford
9 (RLIN) 478
Holdings
Estatus retirado Estado de pérdida Fuente del sistema de clasificación o colocación Estado de daño No para préstamo Biblioteca de origen Biblioteca actual Ubicación en estantería Fecha de adquisición Total de préstamos Signatura topográfica completa Código de barras Visto por última vez Precio de reemplazo Tipo de ítem Koha
    Clasificación Decimal Dewey     Biblioteca LadoV Biblioteca LadoV   03/05/2014   305.8 C637-i 000064 03/05/2014 03/05/2014 Material 01